000 00504nam a2200157Ia 4500
008 160316s1999 xxu||||| |||| 00| 0 eng d
082 _a362.704400
_bNCP
100 _a
245 _aChild abuse and neglect state statutes elements: Crimes number 31 child prostitution
250 _a
260 _aAlexandria
_bNational Center for Prosecution of Child Abuse
_c1999
300 _a22
_b
_c
365 _b
650 _a1. child abuse and neglect 2. statues elements 3. child prostitution
700 _a
_a
999 _c35396
_d35396